Tunnista kappale ensimmäisistä säkeistä #5 - Statistics

Yleistilastot
  • Tätä visaa on pelattu 84 kertaa
  • Keskiarvotulos 11 / 32
Vastaustilastot
Hint Vastaus % Oikein
Kesäkuu vuonna 86/Meidän Sierra oli melkein uus/Faija tankkas, mutsi pakkasi eväitä Arttu Wiskari Mökkitie
91%
Hei/Ei ei en sitä salaa Näillä teillä loppuun palaa Kaija Koo Tinakenkätyttö
89%
Haluun vaan et sä tiedät/ Mä heittäsin tän kaiken menemään Jenni Vartiainen & Elastinen Epäröimättä hetkeekään
84%
Koulussa kun kysyttiin/Mikä musta tulee isona/ Laulaja tai lätkänpelaaja/Ei lapsena häpeää tunneta Ellinoora Leijonakuningas
83%
Mä olen odottanut sua/Juuri näin piti tapahtua/Sulje silmäsi, nyt se alkaa/Uskotko uniin, vai sattumaan Antti Tuisku Hyökyaalto
71%
Sun jäbä lupaa sulle kuun ja taivaan/Ja susta tuntuu ettet muuta kaipaa/Sen sanat tihkuu hunajaa/Ja sen loukkuun tippuu kuka vaan Robin Sua varten
68%
Voit sanoa mitä haluat/Se ei tunnu se ei kosketa/Mene vaan mene vaan/Tivolitkaan ei saa mua nauramaan/Eik sirkus tai sata hattaraa PMMP Joutsenet
63%
Sammutellaan valoi mut hetkeksi jää Kuumaa Oo vielä sekunnin mun
61%
Välillä on melkein ikävä/Niitä hetkiä, kun oltiin niin lähellä/Sitä pistettä ilman virheitä/ Behm Frida
55%
Painan päätä auton penkkiin/Ku mä ajan hiljaa pois Perheenä me sinne mentiin erikseen me lähettiin/ Sanni Haukilahden rantaan
45%
Onhan se sääli/et tää meni näin/Kai mä sit väärin päätin, kun jäin/Ja halusin uskoo/Et ihminen muuttuu, jos se lupaa niin/Eikä enää muut tuu meidän väliin Viivi Hyväuskoinen
44%
Jos etsit kadonnutta aikaa jotain josta jouduit luopumaan Liian usein huomaat ei se totta ollutkaan Leevi and the leavings Rin tin tin
43%
Mä oon maailmassa yksin/ilman sua Ja mun sydän menee kiinni/ ilman sua Lauri Tähkä Palavaa vettä
40%
Aamuauringon sivellin värittää maan/Värit hauraat sulattaa jään/ Sinä olet niin kaunis en henkeä saa/Annoit aurinkos mua lämmittää Suvi Teräsniska Jos menet pois
36%
Eipä palttoota kaipaa/Mies kuolematon/Välkkyvä terä vaikka niittää/Olin koskematon Juha Tapio Rakastettu
36%
Ethän korjaa minusta mitään/Ethän yritä mua pelastaa/Ethän hio minusta mitään pois/Ei siinä onnistuneet toisetkaan Anna Puu Ota minut tällaisena kuin oon
28%
Onks tää unta ku stadis sataa lunta ja aurinko taivaalta porottaa Turhakaisten koko valtakunta on päästettävä pata jumistaan JVG Liike on lääke
28%
Peitä jäljet/vaihda lakanat/Korjaan huulinpunan/kätken mustelmat Vilma Alina Rikollinen
27%
Koivun huminaa/ kuulen kun toukokuussa nurmella makaan/ Jokaisen kevätlaulun osaan ulkoa/Ja yksin laulan kotiinpäin kun kuljen Paula Vesala Sinuun minä jään
25%
Sun kanssa elän unelmaa/Mut mua pelottaa/Siitä huolimatta ja sen vuoks/Mun tunteet sua kohtaan/Nousi niin piri pintaan Aliisa Syrjä Tää tunne
19%
Tää ois ollu hyvä näin/Mut mentiiks me nyt ihastuu Ei olla ihan selvinpäin Erin Yhtenä sunnuntaina
19%
Sinä hienon työsi tehneenä käyt nukkumaan/Sinä hetken rauhoitut ja olet vaan Kiitos ja kunnia
17%
Sit kun mikään ei auta/ei Popedakaan/Beibi/tuun sun kämppää sillon siivoomaan/Sul on sukulaisii hengis/on ystävii Vesala Pahanilmanlinnut
15%
Sotilas tuntematon kulkee/Ei muista mutta tuntee Aamulla tulimeren/Kuumilla aalloilla keinuneen Kaija Koo Niin kaunis on hiljaisuus
13%
Istut viereen alle kuun/Saa mun tieltä raahautuu/Ja sanot/Ei koskaan täällä nää korentoja lentävän Behm Sinä lähdet minä jään
7%
En ehkä tunne sinua/Enkä tiedä mitään sinun matkasta/Mut kaiken jälkeen seisot siinä/Vahvana sen mä tiedän/Meitä ei luotu pelkäämään Mikko Harju Hengitä
3%
Seison kuopan vieressä/Kaivoin sen ihan itse omin pienin kätösin Vaikka tarjosit apua sinäkin Anna Puu Kohta vapaita
3%
Sinä oot/Usein vieras muiden joukossa/Sinä oot/Vähän sekaisin toivoa ja pelkoa/Oot pohjoinen etelässä/Etelä pohjoisessa Suvi Teräsniska Kaunis ja peloton
1%
Tänään en oo ajatellut sua kertaakaan/Mä oon ookoo vaikka liikun Vaan metrin kerrallaan Laura Voutilainen Silmät kiinni
1%
Joku puhuu/mutta mä kuule en mitään/Kotiin on selvittävä/Joku itkee hiljaa metrossa itään/Ei helvetti oonko se mä, oonko se mä Frans Harju Ainoa tie
0%
Pääni läpi tuulee mereltä sisämaahan päin/Se mitä jätit minuun sitä suojelemaan jäin/Tänään aamulla mä pysähdyin liikennevaloihin Laura Närhi Mä elän
0%
Taas tänään tarviin/Vähän puudutuksii/Etten mitään tuntea voi Vaikka sattuukin Janna Täyteen vaan
0%
Ehtoja vastaavia visoja ei löytynyt
Tulosjakauma
Jokaisen tuloksen saaneiden osuus
Persentiili vastausten määrän mukaan
Tuloshistoriasi
Et ole pelannut tätä visaa